000 00394nam a2200169Ia 4500
008 210719s2016 xx 000 0 und d
041 _aeng
082 _a657.45 CARA
100 _aCARL (Maxim)
245 _aAuditing
260 _aMangaluru
_bUniversal King Publishers
_c2016
300 _a215
_bPB
365 _b140
_cRs
650 _aAuditing
650 _aAuditing
906 _aAuditing
999 _c215924
_d215924